| 000 | 00670nam a2200205 i 4500 | ||
|---|---|---|---|
| 001 | 177187 | ||
| 003 | ES-MaACL | ||
| 005 | 20230906220256.0 | ||
| 008 | 110308s1967 sp |||| | spa d | ||
| 080 | _a821.134.2-311.2"19" | ||
| 100 | 1 |
_aSaladrigas, Robert. _9101699 |
|
| 245 | 1 | 0 |
_aArañas / _cRoberto Saladrigas. |
| 260 |
_a[Madrid : _bAlfaguara], _c1967. |
||
| 300 |
_a122 p. ; _c17 cm. |
||
| 490 | 1 |
_aLa novela popular. Contemporánea, inédita, española ; _v62 |
|
| 830 | 0 |
_aLa novela popular. Contemporánea, inédita, española ; _v62 _9188024 |
|
| 852 |
_aES-MaACL _jE-14608 _xOlim P-213-Ter |
||
| 852 |
_aES-MaACL _jP-409-43 |
||
| 999 |
_c177187 _d177187 |
||